Development of Commercial Insurance in the Slovak Republic, Poland and Ukraine in the Period 2004-2012
Trh poistenia a jeho dynamický vývoj aj v čase dlhovej krízy. Základné funkcie priemyslu poistenia: akumulácia, redistribúcia, stimulácia a kotrola. Kontrola a jej význam v období komplikovanej ekonomicko-sociálnej situácii, kde dochádza k častým poistným podvodom. Zameranie na dôležité parametre vl...
Enregistré dans:
| Auteur principal: | |
|---|---|
| Autres auteurs: | |
| Format: | Chapitre de livre |
| Langue: | anglais |
| Sujets: | |
| Tags: |
Pas de tags, Soyez le premier à ajouter un tag!
|
MARC
| LEADER | 00000naa a2200000 4500 | ||
|---|---|---|---|
| 001 | 0185095 | ||
| 005 | 20240605120835.4 | ||
| 041 | 0 | |a eng | |
| 044 | |a SK | ||
| 245 | 1 | 0 | |a Development of Commercial Insurance in the Slovak Republic, Poland and Ukraine in the Period 2004-2012 |c Ryszard Pukala, Eva Kafková |
| 520 | |a Trh poistenia a jeho dynamický vývoj aj v čase dlhovej krízy. Základné funkcie priemyslu poistenia: akumulácia, redistribúcia, stimulácia a kotrola. Kontrola a jej význam v období komplikovanej ekonomicko-sociálnej situácii, kde dochádza k častým poistným podvodom. Zameranie na dôležité parametre vlastností poistných trhov Slovenska, Poľska a Ukrajiny. | ||
| 610 | 2 | 0 | |a trh poistný |
| 610 | 2 | 0 | |a koncentrácia |
| 610 | 2 | 0 | |a rezervy technické |
| 610 | 2 | 0 | |a investície |
| 610 | 2 | 0 | |a Slovensko |
| 610 | 2 | 0 | |a Poľsko |
| 610 | 2 | 0 | |a Ukrajina |
| 610 | 2 | 0 | |a kontroling |
| 100 | 1 | |a Pukala, Ryszard | |
| 700 | 1 | |a Kafková, Eva | |